000
00322nam a22001337a 4500
008
171018b xxu||||| |||| 00| 0 eng d
020
_a
9780131861350
041
_a
eng
080
_2
3 ED
_a
338
100
_a
53
101
_a
MEN
245
_a
MAKING THE TEAM A GUIDE FOR MANAGERS
_c
THOMPSON.L.L
942
_2
udc
_c
BK
999
_c
34728
_d
34728